[Event "Sant Adria 6th"]
[Site "Sant Adria de Besos"]
[Date "2010.04.25"]
[Round "3"]
[White "Rubio Urrea, David"]
[Black "Prats Rodriguez, Juan Bosco"]
[Result "0-1"]
[WhiteElo "1786"]
[BlackElo "2073"]
[PlyCount "96"]
[EventDate "2010.04.11"]
[EventType "swiss"]
[EventRounds "8"]
[EventCountry "ESP"]
[SourceTitle "EXT 2024"]
[Source "ChessBase"]
[SourceDate "2023.10.10"]
[SourceVersion "1"]
[SourceVersionDate "2023.10.10"]
[SourceQuality "1"]

1. e4 c5 2. Nf3 Nc6 3. c4 e5 4. Nc3 d6 5. h3 f5 6. exf5 Bxf5 7. g4 Be6 8. d3 Be7 9. Bg2 Nf6 10. 0-0 Qd7 11. Ng5 Bg8 12. Nge4 0-0-0 13. Qa4 Kb8 14. a3 h5 15. g5 Nxe4 16. Nxe4 Be6 17. Kh2 Qc8 18. b4 Nd4 19. Ng3 Rdf8 20. f4 h4 21. Ne4 Ne2 22. bxc5 dxc5 23. fxe5 Rxf1 24. Bxf1 Nxc1 25. Rxc1 Qc7 26. Rb1 Qxe5+ 27. Kh1 Qc7 28. Qb5 Bd7 29. Qb2 Bc6 30. Bg2 Rd8 31. Qxg7 Rxd3 32. Qh8+ Qd8 33. Qxh4 Rxa3 34. Qh5 Ra2 35. Qg4 Qd3 36. Re1 a5 37. g6 Qxc4 38. g7 Qg8 39. Bf3 Ra4 40. Qg6 Ka7 41. Rf1 Rd4 42. Ng5 Bxf3+ 43. Rxf3 Rd1+ 44. Kg2 Rd2+ 45. Rf2 Rd6 46. Qf5 Rf6 47. Qe5 Qxg7 48. h4 Rxf2+ 0-1